000 00641nam a22002177a 4500
999 _c7555
_d7555
003 OSt
005 20220209151003.0
008 211130b ||||| |||| 00| 0 eng d
020 _a 978-0073377353
040 _cDDC
082 _a332.72 BRU 2011
100 _aBrueggeman, William B; Jeffrey D. Fisher
_915462
245 _a Real estate Finance and Investments.
250 _a14th ed.
260 _a Boston :
_bMcGraw-Hill Irwin,
_cc2011
300 _axviii,760p.:
_bill;
_c27cm.
504 _a Includes bibliographical references and index.
650 _aReal property
_915463
650 _aMortgage loans.
_915464
942 _2ddc
_cBOOK